1 Olympic Gold Countries: name the Sport - Statistics

General Stats
  • This quiz has been taken 61 times
  • The average score is 10 of 16
Answer Stats
COUNTRY YEAR SPORT % Correct
Costa Rica 1996 Swimming
85%
Suriname 1988 Swimming
85%
Armenia 1996 Wrestling
81%
Burundi 1996 Athletics
73%
Ecuador 1996 Athletics
73%
Grenada 2012 Athletics
73%
Luxembourg 1952 Athletics
73%
Mozambique 2000 Athletics
73%
Panama 2008 Athletics
73%
Syria 1996 Athletics
73%
Peru 1948 Shooting
65%
United Arab Emirates 2004 Shooting
65%
Hong Kong 1996 Sailing
44%
Israel 2004 Sailing
44%
Serbia 2012 Taekwondo
40%
Russian Empire 1908 Figure skating
17%
No matching quizzes found
Score Distribution
Percent of People with Each Score
Percentile by Number Answered
Your Score History
You have not taken this quiz